[Event "Bloemfontein-ch op"]
[Site "Bloemfontein"]
[Date "2018.07.12"]
[Round "9"]
[White "Southey, Andrew M"]
[Black "Nkuna, Windsor"]
[Result "0-1"]
[WhiteElo "1762"]
[BlackElo "1529"]
[PlyCount "96"]
[EventDate "2018.07.07"]
[EventType "swiss"]
[EventRounds "11"]
[EventCountry "RSA"]
[SourceTitle "EXT 2019"]
[Source "ChessBase"]
[SourceDate "2018.10.10"]
[SourceVersion "1"]
[SourceVersionDate "2018.10.10"]
[SourceQuality "1"]

1. e4 e6 2. d3 d5 3. Nd2 dxe4 4. dxe4 Bc5 5. Bd3 e5 6. Ngf3 Be6 7. 0-0 Nd7 8. Nc4 Bg4 9. h3 Bxf3 10. Qxf3 Qf6 11. Qe2 Ne7 12. a4 Ng6 13. g3 h5 14. Kg2 h4 15. c3 a5 16. Ne3 Bxe3 17. Bxe3 hxg3 18. fxg3 Qe6 19. Rf5 Nf6 20. Raf1 Ne7 21. Bc4 Qc8 22. Bg5 Nxf5 23. Rxf5 Qd7 24. Rxe5+ Kf8 25. Rf5 Re8 26. Qf3 Rxe4 27. Bxf7 Re2+ 28. Qxe2 Qxf5 29. Bxf6 Qxh3+ 30. Kf3 gxf6 31. Bg6 Kg7 32. Bd3 Qh5+ 33. Kf2 Qxe2+ 34. Bxe2 Rh2+ 35. Kf3 Rh1 36. Bd3 Kh6 37. b4 Rc1 38. bxa5 Rxc3 39. Ke4 Ra3 40. a6 Rxa4+ 41. Kf5 bxa6 42. Kxf6 a5 43. Bf5 Rd4 44. g4 Rd6+ 45. Ke5 Kg5 46. Ke4 a4 47. Kf3 Rf6 48. Ke4 a3 0-1

[Event "Bloemfontein-ch op"]
[Site "Bloemfontein"]
[Date "2018.07.08"]
[Round "2"]
[White "Nkuna, Windsor"]
[Black "Khumalo, Keith"]
[Result "0-1"]
[WhiteElo "1529"]
[BlackElo "1931"]
[PlyCount "58"]
[EventDate "2018.07.07"]
[EventType "swiss"]
[EventRounds "11"]
[EventCountry "RSA"]
[SourceTitle "EXT 2019"]
[Source "ChessBase"]
[SourceDate "2018.10.10"]
[SourceVersion "1"]
[SourceVersionDate "2018.10.10"]
[SourceQuality "1"]

1. e4 c5 2. d4 cxd4 3. c3 d3 4. Bxd3 Nc6 5. Nf3 d6 6. 0-0 g6 7. c4 Bg7 8. Nc3 Bg4 9. Be2 Bxf3 10. Bxf3 Nf6 11. Be3 0-0 12. b3 Nd7 13. Rc1 Nc5 14. Qe2 Ne5 15. Rfd1 b6 16. b4 Ne6 17. c5 bxc5 18. bxc5 Nxf3+ 19. Qxf3 Bxc3 20. Rxc3 Qa5 21. Rdc1 dxc5 22. Qe2 Rac8 23. Qc2 Rc7 24. f4 Rd8 25. Rc4 Qa3 26. Rc3 Qa5 27. Rc4 Rcd7 28. f5 Nd4 29. Rxc5 Nxc2 0-1

[Event "Pretoria Capablanca C"]
[Site "Pretoria"]
[Date "2018.04.29"]
[Round "5"]
[White "Schoeman, Ewald"]
[Black "Nkuna, Windsor"]
[Result "0-1"]
[WhiteElo "1667"]
[BlackElo "1545"]
[PlyCount "92"]
[EventDate "2018.04.26"]
[EventType "tourn"]
[EventRounds "9"]
[EventCountry "RSA"]
[SourceTitle "CBM 184 Extra"]
[Source "ChessBase"]
[SourceDate "2018.06.28"]
[SourceVersion "1"]
[SourceVersionDate "2018.06.28"]
[SourceQuality "1"]

1. d4 Nf6 2. Nc3 d5 3. Bg5 e6 4. e4 dxe4 5. Nxe4 Be7 6. Bxf6 gxf6 7. Nf3 a6 8. Qd2 f5 9. Nc3 Nc6 10. 0-0-0 Bf6 11. Qe3 Ne7 12. d5 Qd6 13. dxe6 Qxe6 14. Qd2 0-0 15. Bd3 Bg7 16. Ne1 Nd5 17. Bxf5 Qxf5 18. Nxd5 Qe6 19. Nf3 c6 20. Rhe1 Qxd5 21. Qxd5 cxd5 22. Rxd5 Be6 23. Rd6 Rac8 24. a3 Rfd8 25. Rb6 Rc6 26. Rxb7 Bf5 27. Re2 Bd3 28. Ree7 Rxc2+ 29. Kd1 Be4+ 30. Rbd7 Rxd7+ 31. Rxd7 Rxb2 32. Nd2 Bc6 33. Rd6 Bb5 34. Ne4 Be5 35. Rd8+ Kg7 36. g3 Re2 37. a4 Rxe4 38. axb5 axb5 39. Re8 Rd4+ 40. Kc2 Rc4+ 41. Kb3 Bf6 42. Rb8 Rc5 43. Kb4 Rc2 44. Rxb5 Rxf2 45. Rh5 Kg6 46. g4 Rf4+ 0-1

[Event "Witwatersrand op"]
[Site "Witwatersrand"]
[Date "2017.07.06"]
[Round "6.14"]
[White "King, Rohan Henry"]
[Black "Nkuna, Windsor"]
[Result "1-0"]
[WhiteElo "1632"]
[BlackElo "1360"]
[PlyCount "52"]
[EventDate "2017.07.03"]
[EventType "swiss"]
[EventRounds "9"]
[EventCountry "RSA"]
[SourceTitle "EXT 2018"]
[Source "ChessBase"]
[SourceDate "2017.10.13"]
[SourceVersion "1"]
[SourceVersionDate "2017.10.13"]
[SourceQuality "1"]

1. d4 Nf6 2. c4 g6 3. Nc3 Bg7 4. e3 d6 5. Nf3 0-0 6. Be2 e5 7. 0-0 Nc6 8. d5 Ne7 9. b4 a6 10. Nd2 Ne8 11. a4 f5 12. Ba3 f4 13. c5 g5 14. Nc4 Kh8 15. Rb1 Ng8 16. b5 Ngf6 17. f3 h5 18. b6 cxb6 19. Nxb6 Rb8 20. Nc4 g4 21. cxd6 Nd7 22. fxg4 hxg4 23. Bxg4 Qh4 24. Rf3 Bh6 25. Bxd7 Bxd7 26. Nxe5 Qf6 1-0